Catálogo
 En Linea

Como hacer avanzar la agricultura : (Registro nro. 22784)

Detalles MARC
000 -CABECERA
campo de control de longitud fija 00911nam a2200217 a 4500
001 - NÚMERO DE CONTROL
campo de control 000023287
005 - FECHA Y HORA DE LA ÚLTIMA TRANSACCIÓN
campo de control 20200930022120.0
008 - DATOS DE LONGITUD FIJA--INFORMACIÓN GENERAL
campo de control de longitud fija 101201s1969 mx abc r 000 0 spa d
040 ## - FUENTE DE LA CATALOGACIÓN
Centro catalogador/agencia de origen DO-SdBNP
Lengua de catalogación spa
Centro/agencia transcriptor BNPHU
041 17 - CÓDIGO DE LENGUA
Código de lengua del texto/banda sonora o título independiente spa
Código de lengua original eng
Fuente del código Código de idiomas MARC
082 ## - NÚMERO DE LA CLASIFICACIÓN DECIMAL DEWEY
Número de clasificación nnnn
Número de documento/Ítem M911c
049 ## - FONDOS LOCALES (OCLC)
Fondos de biblioteca BNGR
100 1# - ENTRADA PRINCIPAL--NOMBRE DE PERSONA
Nombre de persona Mosher, Arthur T.,
9 (RLIN) 47955
240 14 - TÍTULO UNIFORME
Título uniforme Getting agriculture moving.
Lenguaje de la obra Español.
245 10 - MENCIÓN DE TÍTULO
Título Como hacer avanzar la agricultura :
Resto del título lo esencial para su desarrollo y modernización /
Mención de responsabilidad, etc. Arthur T. Mosher , truducción de José Marull.
260 ## - PUBLICACIÓN, DISTRIBUCIÓN, ETC.
Lugar de publicación, distribución, etc. México :
Nombre del editor, distribuidor, etc. Unión Tipográfica Editorial Hispano-Americana,
Fecha de publicación, distribución, etc. 1969.
300 ## - DESCRIPCIÓN FÍSICA
Extensión 177 p. :
Otras características físicas il., mapas, retrs. ;
Dimensiones 24 cm.
504 ## - NOTA DE BIBLIOGRAFÍA, ETC.
Nota de bibliografía, etc. Incluye notas al pie de las páginas.
534 ## - NOTA SOBRE LA VERSIÓN ORIGINAL
Frase introductoria Título original en inglés:
Mención de título del original Getting agriculture moving.
Publicación, distribución, etc. del original Nueva York : The agricultural development council, 1966.
700 1# - PUNTO DE ACCESO ADICIONAL--NOMBRE DE PERSONA
Nombre de persona Marull, José,
Término indicativo de función/relación tr.
9 (RLIN) 47956
Existencias
Estado de retiro Estado de pérdida Restricciones de uso No para préstamo Código de colección Localización permanente Ubicación/localización actual Ubicación en estantería Fecha de adquisición Número de inventario Total de préstamos Signatura topográfica completa Código de barras Fecha visto por última vez Precio válido a partir de Tipo de ítem Koha
    Préstamo interno   Monografías: Libros y Folletos General General En catalogación 01.12.2010 LF1   nnnn M911c 23287-10 25.06.2020 25.06.2020 Préstamo interno

Con tecnología Koha